MDQL
is popping MORE tags! Check the
thread
!
Quizzes
Events
Quiz Creation
Community
Videos
Private Events
Remove Ads
Sign In
Join for FREE
Feedback
Dark Mode
Quiz Categories
Sports
Geography
Music
Movies
Television
Just For Fun
Miscellaneous
History
Literature
Language
Science
Gaming
Entertainment
Religion
Holiday
For Kids
Quiz Lab
Recent
Popular Today
Quiz Kudos Today
Editor Picks
Curator Picks
Quizzes by...
Day
Popularity
Type
Ratings
Length
Year
Community
Subscriptions
Recent Discussions
Orange Saloon
Badges
Playlists
Quests
Create
Leaderboards
Showdown
Live 5
Trivia Bingo
Activity
Puzzle Library
Sporcle Events
Private Events
Virtual Trivia
Globe League
Become a Host
Pub Owners
SporcleCon
Opinionation
Our Games
Videos
Blog
Mobile Apps
Partnerships
Remove Ads and Go Orange
Feedback
Movies
Disney
Marvel Cinematic Universe
Movie Resume
Movie Titles
Oscar
Actor
Actress
Director
Pixar
Role
Movie Quotes
Movie Characters
Box Office
Nominee
Best Picture
Star Wars
James Bond
Horror Movies
Movies
Disney
Marvel Cinematic Universe
Movie Resume
Movie Titles
Oscar
Actor
Actress
Director
Pixar
Role
Movie Quotes
Movie Characters
Box Office
Nominee
Best Picture
Star Wars
James Bond
Horror Movies
Random Quiz
Search Sporcle
×
Quiz Lab
Quiz Lab
Movies
Marvel Cinematic Universe
Type in answers that appear in a list
Type in answers that appear in a list
Classic
Best Score? Go Orange.
Marvel Characters at the Oscars Stats
Can you name the Marvel Characters that were played by a present or future Oscar Winner?
By
BarefootXO
5m
25 Questions
155 Plays
155 Plays
155 Plays
Comments
Comments
Give Quiz Kudos
Give Quiz Kudos
-
- Ratings
hide this ad
Forced Order
Answers have to be entered in order
Answers have to be entered in order
Replay
Link that replays current quiz
Next Quiz
Link to next quiz in quiz playlist
You Got
0%
They Got
Avg Score
51%
Avg Friend Score
Upgrade to see
Score Distribution
Jump to the score distribution portion of the page
Score
0/25
Timer
05:00
0
Plays Today
Oscar Win
Character
% Correct
Best Actor ~ 1991
Odin Borson
81.9%
Best Actress ~ 1998
Pepper Potts
80%
Best Actress ~ 1979
May Parker
78.1%
Best Actor ~ 1995
Johnny Blaze / Ghost Rider
78.1%
Best Actor ~ 1982
Trevor Slattery
75.5%
Best Actress ~ 2001
Ororo Munroe / Storm
74.8%
Best Actor ~ 1987
Hank Pym
74.2%
Best Actor ~ 1968
Ben Parker
69%
Best Supporting Actress ~ 1993
Marie D'Ancanto / Rogue
66.5%
Best Actress ~ 2012
Raven Darkholme / Mystique
65.8%
Best Actress ~ 2010
Jane Foster
64.5%
Best Actor ~ 1985
Thunderbolt Ross
63.2%
Best Actor ~ 2009
Obadiah Stane / Iron Monger
60.6%
Oscar Win
Character
% Correct
Best Supporting Actress ~ 2007
The Ancient One
60%
Best Actor ~ 2004
Maxwell Dillon / Electro
59.4%
Best Supporting Actress ~ 2001
Betty Ross
57.4%
Best Actress ~ 2013
Hela
57.1%
Best Actress ~ 2016
Gwen Stacy
45.7%
Best Supporting Actor ~ 1993
Chester Phillips
37.4%
Best Supporting Actor ~ 2014
J. Jonah Jameson
34.8%
Best Supporting Actress ~ 1992
May Parker
31.4%
Best Supporting Actor ~ 2002
Norman Osborn
30.3%
Best Supporting Actor ~ 2000
Taneleer Tivan / The Collector
29%
Best Supporting Actress ~ 2011
Check-In Girl
6.5%
Best Supporting Actor ~ 2003
Phil Blumburtt
5.8%
Quiz Playlist
Details
Report
Send in Message
Add To Playlist
Classic:
Type in answers that appear in a list
Forced Order:
Answers have to be entered in order
Quiz Source
Last Updated: Jan 13, 2018
Quiz Scoreboard
CHALLENGE
Sign Up to Join the Scoreboard
Show All
Scores
Hide
Comments
May contain spoilers
Recently Published
Two Season TV Shows II
by 123Four
Television
10m
Image Sorting: Flags VI
by Barbecue
Geography
2m
Find the 'City' Movie
by crazypaving
Movies
60s
More to Explore
Quiz From the Vault
Featured Blog Post
14 Easter Pick-up Lines to Find Eggs With
hide this ad
You Might Also Like...
Tags
Marvel Quiz
Marvel Cinematic Universe Quiz
Oscar Quiz
Best Actor
Best Actress
Marvel Characters
Marvel Movie
Marvel Superheroes
Marvel Villains
Oscar Winners
Supporting Actor
Supporting Actress
Today's Top Quizzes in Movies
Browse Movies
hide this ad
Today's Top Quizzes in Marvel Cinematic Universe
Browse Marvel Cinematic Universe
Top Contributed Quizzes in Movies
1
The ultimate James Bond movie quiz
2
Find The 'Big' Movie
3
Find The 'Wild' Movie
4
Find The 'Blue' Movie
5
Movies By Plot
6
Hidden Star Wars Character II
7
Pick 5 Posters: Directed by Spielberg
8
Hidden Star Wars Character III
9
Hidden Star Wars Character IV
10
25 Best Actor Nominees (1990s)
Explore More
Trending Topics
Marvel
Disney
Crossword
Kpop
Anime
Harry Potter
NBA
The Office
WWE
NFL
Soccer
Country
Puzzle
Pokémon
Song
hide this ad
More By:
BarefootXO
Quiz
Plays
Rating
Category
Featured
Created
Relationship Endings (HIMYM)
5,490
4.56
Television
Jun 4, 2015
Common Bonds (HIMYM and Friends)
3,388
4.70
Television
Feb 5, 2017
Taking the Leap (HIMYM)
2,864
4.00
Television
May 16, 2015
Remember the Chosen Ones
1,163
3.00
Entertainment
Jun 4, 2016
Famous Last Words (NCIS)
609
Television
Nov 5, 2013
Go to Creator's Profile
Score Distribution
Quiz Creator Spotlight
BarefootXO
Follow
Send a Message
Quizzes Created
-
Created Quiz Play Count
-
More By This Creator
Popular Quizzes Today
1
Find the US States - No Outlines Minefield
2
Colored Red Africa Blitz
3
Find the 'City' Movie
4
5x2 Blitz: Bands
5
The Countries of the World
6
Find the Countries of Europe - No Outlines Minefield
7
Find the US States
8
US States
More Movies Quizzes
4-Letter Pixar
Published
Trending Quizzes
Colored Red Europe Blitz I
Colored Red Africa Blitz II
Colored Red Europe Blitz II
Colored Red Africa Blitz III
Colored Red Europe Blitz III
Recently Updated
How Do You Spell That?
pecheneg
Godzilla Movies
pecheneg
Grab Bag: 4-10 Letters
pecheneg
2024 March Madness Bracket
pecheneg
Famous TV Couples
Peacemaker
Champions League XIs: Real Madrid
pecheneg
Largest US Cities 1790-2010
pecheneg
Rides in Walt Disney World
pecheneg
Most Oscar Losses (Acting)
pecheneg
Beyoncé Albums
pecheneg
Trending Topics
Disney
NBA
Crossword
Anime
Kpop
Marvel
Harry Potter
Country
Pokémon
The Office
Puzzle
WWE
NFL
Song
Soccer
Your Account Isn't Verified!
In order to create a playlist on Sporcle, you need to verify the email address you used during registration. Go to your
Sporcle Settings
to finish the process.
Report this User
Report this user for behavior that violates our
Community Guidelines
.
Details:
Send Report
Go to the Sporcle.com Mobile Site →
Comments